000 00359 a2200169 4500
001 188467
020 _a978-85-08-12648-4
040 _cMagnum
100 _aOrthof, Sylvia
240 1 0 _aQue saracotico!
_lpor
245 1 0 _aQue saracotico!
300 _a111
362 0 _a2009
440 1 _aÁtica
697 _aLITERATURA INFANTO-JUVENIL
942 _cBK
999 _c188467
_d188467